Svāmī strīra karttabya. (Record no. 73653)

MARC details
000 -LEADER
fixed length control field 00693cam a22002651 4500
001 - CONTROL NUMBER
control field sa 67003141
003 - CONTROL NUMBER IDENTIFIER
control field DLC
005 - DATE AND TIME OF LATEST TRANSACTION
control field 20260227112336.0
008 - FIXED-LENGTH DATA ELEMENTS--GENERAL INFORMATION
fixed length control field 950303s1965 ii a 000 0 beno
010 ## - LIBRARY OF CONGRESS CONTROL NUMBER
LC control number sa 67003141
025 ## - OVERSEAS ACQUISITION NUMBER
Overseas acquisition number PL480:EP-B-1185
035 ## - SYSTEM CONTROL NUMBER
System control number (OCoLC)32084006
040 ## - CATALOGING SOURCE
Original cataloging agency DLC
Transcribing agency CU
Modifying agency CU
-- DLC
042 ## - AUTHENTICATION CODE
Authentication code premarc
050 00 - LIBRARY OF CONGRESS CALL NUMBER
Classification number HQ525.I8
Item number R3
100 1# - MAIN ENTRY--PERSONAL NAME
Personal name Rahim, Mohammad Abdur,
Dates associated with a name 1926-
245 10 - TITLE STATEMENT
Title Svāmī strīra karttabya.
260 ## - PUBLICATION, DISTRIBUTION, ETC.
Date of publication, distribution, etc. [1965]
300 ## - PHYSICAL DESCRIPTION
Extent 9, 384 p.
Other physical details col. illus.
Dimensions 19 cm.
500 ## - GENERAL NOTE
General note In Bengali.
650 #0 - SUBJECT ADDED ENTRY--TOPICAL TERM
Topical term or geographic name entry element Marriage
General subdivision Religious aspects
-- Islam.
650 #0 - SUBJECT ADDED ENTRY--TOPICAL TERM
Topical term or geographic name entry element Sex.
650 #0 - SUBJECT ADDED ENTRY--TOPICAL TERM
Topical term or geographic name entry element Families
Geographic subdivision Islamic countries.
740 0# - ADDED ENTRY--UNCONTROLLED RELATED/ANALYTICAL TITLE
Uncontrolled related/analytical title Milana tattva.

No items available.

Powered by Koha